| 000 | 00824cam a2200241 a 4500 | ||
|---|---|---|---|
| 003 | UPN | ||
| 005 | 20240524063701.0 | ||
| 008 | 190313s1995 mx a br 000 0 spa d | ||
| 020 | _a9682978599 | ||
| 035 | _aUPN01000229613 | ||
| 040 |
_aMX-MxUPN _bspa _cMX-MxUPN |
||
| 050 | 4 |
_aLB1578.351 T654 _bG69 1995 |
|
| 100 | 1 |
_aGonzález Francisco, Pablo _943267 |
|
| 245 | 1 | 0 |
_aXatachiuin tutunakuj : _blengua totonaca Huauchinango, Puebla : cuarto grado |
| 260 |
_aMéxico : _bSEP, Dirección General de Educación Indígena , _cc1995. |
||
| 300 |
_a203 páginas : _bilustraciones a color |
||
| 650 | 4 |
_aCartilla totonaca _98375 |
|
| 650 | 4 |
_aTotonaco _xEstudio y enseñanza (Elemental) _925557 |
|
| 650 | 4 |
_aIndígenas de México _zPuebla _xLenguas _916266 |
|
| 905 | _aLibro | ||
| 942 |
_2lcc _cLIBRO |
||
| 999 |
_c201708 _d201708 |
||